Congreso chileno de sismología e ingeniería antisísmica IX jornadas
Saved in:
| 格式: | 图书 |
|---|---|
| 语言: | 西班牙语 |
| 出版: |
Concepción
Universidad de Concepción
2005
|
| 主题: | |
| 在线阅读: | carátula frontal |
| 标签: |
添加标签
没有标签, 成为第一个标记此记录!
|
MARC
| LEADER | 00000nam a2200000 a 4500 | ||
|---|---|---|---|
| 001 | UCK9156 | ||
| 003 | CL-VaPUC | ||
| 005 | 20220507074123.0 | ||
| 008 | 060421e20050000cl 1 spa d | ||
| 082 | 0 | 4 | |a 551.22 |b CON |2 21 |
| 245 | 1 | 0 | |a Congreso chileno de sismología e ingeniería antisísmica IX jornadas |
| 260 | |a Concepción |b Universidad de Concepción |c 2005 | ||
| 583 | |a last modification |c 20060421 00:00:00 |k Rodrigo Vera | ||
| 650 | 0 | 0 | |a Sismología |9 268106 |
| 650 | 0 | 0 | |a Terremotos |9 267728 |
| 650 | 0 | 7 | |a INGENIERIA ANTISISMICA |2 CL-VaPUC |9 620858 |
| 650 | 0 | 0 | |a Diseño de estructuras |9 260345 |
| 856 | 7 | |f UCK9156_01.jpg |q JEPG |2 file |z carátula frontal |u http://opac.pucv.cl/pucv_img/Img-9000/UCK9156_01.jpg | |
| 942 | |c BK | ||
| 945 | |a cmena |d 20060421 00:00:00 | ||
| 546 | |a En Español | ||
| 536 | |a Achisina | ||
| 536 | |a Huachipato | ||
| 518 | |p Congreso Chileno de Sismología e Ingeniería Antisísmica, 9, Concepción, 16 al 19 de noviembre de 2005 | ||
| 999 | |c 384186 |d 384184 | ||
| 952 | |0 0 |1 0 |4 0 |6 551_220000000000000_CON_2005 |7 0 |8 F |9 506785 |a BIBING |b BIBING |d 2020-01-23 |i 4223020 |o 551.22 CON 2005 |p 4223020 |r 2025-01-20 |w 2020-01-23 |y BK_F |k ING | ||